01002nam a2200229 a 450000100100000000500170001000800410002704000250006810000480009324500590014124600290020025000110022926000660024030000270030649000390033383000380037204900090041095201200041995201050053995201110064499900170075500002234020240502105558.0100930s1994 dr a 001 0 spa d aDO-SdBNPbspacBNPHU1 aDíaz Grullón, Virgilio,d1924-2001950113aEl escritor ante su obra /cVirgilio Díaz Grullón.14aEl escritor ante su obra a2a ed. aSanto Domingo :b[Universidad Central del Este (UCE)],c1994. a70 P. :bil. ;c23 cm.1 aAntología de nuestra vozvno. 26 0aAntología de nuestra voz923130 aBNPD 001054708DSaGRbGRcHDd2015-01-27iLF1l0o p22340-50r2020-06-25te. 3w2020-06-25yLFDSZPréstamo en sala 0010718PDaPDbPDcHDd2010-09-30iLF1l0o p22340-10r2020-06-25w2020-06-25yLFPDZNo se presta 0010718PDaPDbPDcHDd2010-09-30iLF1l0o p22340-20r2020-06-25te. 2w2020-06-25yLFPDZNo se presta c21838d21838